000 00814nam a2200253 i 4500
001 133683
003 ES-MaACL
005 20230906194511.0
007 t|
008 070824s1990 sp ||||1| spa d
020 _a84-7522-505-5
080 _a811.134.2'35
100 1 _aPolo, José.
_992861
245 1 0 _aManifiesto ortográfico de la lengua española /
_cJosé Polo.
260 _aMadrid :
_bVisor,
_c[1990]
300 _a117 p. ;
_c21 cm.
490 1 _aBiblioteca Gráfica de la Lengua Española ;
_v1
500 _aBiblioteca Jacinto Martínez Lacalle.
500 _aBibliografía: p.109-114. Índice.
650 1 4 _aLengua española-
_xOrtografía.
_914177
830 0 _aBiblioteca Gráfica de la Lengua Española ;
_v1
_9186951
852 _aES-MaACL
_jE-12025
_bR.139955
999 _c133683
_d133683